|
|
|
|
| LEADER |
02123nam a2200553 a 4500 |
| 001 |
nkc20122370848 |
| 003 |
CZ PrNK |
| 005 |
20121008075505.0 |
| 007 |
ta |
| 008 |
120604s2011 xr a f 001 0 cze |
| 015 |
|
|
|a cnb002370848
|
| 020 |
|
|
|a 978-80-7290-518-8
|q (brož.)
|
| 035 |
|
|
|a (OCoLC)798996253
|
| 040 |
|
|
|a ABA001
|b cze
|
| 041 |
0 |
|
|a cze
|b eng
|
| 072 |
|
7 |
|a 37.09
|x Organizace výuky a vzdělávání
|2 Konspekt
|9 22
|
| 080 |
|
|
|a 37.018.1-051
|2 MRF
|
| 080 |
|
|
|a 37.091.12
|2 MRF
|
| 080 |
|
|
|a 005.966
|2 MRF
|
| 080 |
|
|
|a 377.8
|2 MRF
|
| 080 |
|
|
|a 37.091.214
|2 MRF
|
| 080 |
|
|
|a (047.31)
|2 MRF
|
| 100 |
1 |
|
|a Píšová, Michaela,
|d 1952-
|7 ola2003198090
|4 aut
|
| 245 |
1 |
0 |
|a Mentoring v učitelství :
|b výzkumný záměr Učitelská profese v měnících se požadavcích na vzdělávání /
|c Michaela Píšová, Karolina Duschinská a kolektiv
|
| 246 |
3 |
0 |
|a Výzkumný záměr Učitelská profese v měnících se požadavcích na vzdělávání
|
| 246 |
3 |
0 |
|a Učitelská profese v měnících se požadavcích na vzdělávání
|
| 260 |
|
|
|a V Praze :
|b Univerzita Karlova v Praze, Pedagogická fakulta,
|c 2011
|
| 300 |
|
|
|a 204 s. :
|b il. ;
|c 21 cm
|
| 500 |
|
|
|a 200 výt.
|
| 504 |
|
|
|a Obsahuje bibliografii, bibliografické odkazy a rejstřík
|
| 546 |
|
|
|a Anglické resumé
|
| 650 |
0 |
7 |
|a tutorství
|7 ph135265
|2 czenas
|
| 650 |
0 |
7 |
|a učitelská profese
|7 ph126981
|2 czenas
|
| 650 |
0 |
7 |
|a rozvoj kariéry
|7 ph162910
|2 czenas
|
| 650 |
0 |
7 |
|a vzdělávání učitelů
|7 ph158324
|2 czenas
|
| 650 |
0 |
7 |
|a vzdělávací programy
|7 ph127309
|2 czenas
|
| 650 |
0 |
9 |
|a tutoring
|2 eczenas
|
| 650 |
0 |
9 |
|a teacher career
|2 eczenas
|
| 650 |
0 |
9 |
|a career development
|2 eczenas
|
| 650 |
0 |
9 |
|a teacher education
|2 eczenas
|
| 650 |
0 |
9 |
|a educational programs
|2 eczenas
|
| 655 |
|
7 |
|a výzkumné studie
|7 fd187855
|2 czenas
|
| 655 |
|
9 |
|a research studies
|2 eczenas
|
| 700 |
1 |
|
|a Duschinská, Karolina
|7 pna2012722189
|4 aut
|
| 910 |
2 |
|
|a BOA001
|b 2-1288.071
|
| 990 |
|
|
|a BK
|
| 995 |
|
|
|a 01
|
| 991 |
|
|
|b 201206
|c NOV
|e n
|
| 996 |
6 |
|
|b 2610514235
|c 2-1288.071
|l MZK
|r Sklad / do 1 hodiny
|n 9
|p p.v.
|w 001256755
|u 000010
|a 1
|e BOA001
|j MZK50
|s P
|